| 000 | 00450nam a2200181Ia 4500 | ||
|---|---|---|---|
| 005 | 20250423095349.0 | ||
| 008 | 250422s9999 xx 000 0 und d | ||
| 020 | _a0- 201- 78565- X | ||
| 050 | _aHG 181.M558/ | ||
| 100 | _aFrederic S. Mishkin | ||
| 245 | 0 | _aFinancial market and institution | |
| 250 | _a4th ed. | ||
| 260 | _bAddison Wesley | ||
| 260 | _c2002 | ||
| 300 | _a697 p | ||
| 650 | _aBank and banking- united states | ||
| 942 | _cBK | ||
| 999 |
_c30050 _d30050 |
||